000
00280nam a2200133Ia 4500
100
_a
Jawadekar/Waman S
942
_c
BK
654
_a
software
245
_a
Software Engineering
260
_b
Tata Mc Graw hill
_c
2004
082
_a
5.1
_b
JAW
300
_a
844
546
_a
ENGLISH
999
_c
30552
_d
30552